Energy-efficient buildings in India / (Record no. 2866)
[ view plain ]
| 000 -LEADER | |
|---|---|
| fixed length control field | 00932cam a2200241 a 4500 |
| 005 - DATE AND TIME OF LATEST TRANSACTION | |
| control field | 20200311053834.0 |
| 008 - FIXED-LENGTH DATA ELEMENTS--GENERAL INFORMATION | |
| fixed length control field | 010606s2001 ii a b 001 0 eng |
| 020 ## - INTERNATIONAL STANDARD BOOK NUMBER | |
| International Standard Book Number | 9788185419824 |
| 040 ## - CATALOGING SOURCE | |
| Original cataloging agency | DLC |
| Transcribing agency | DLC |
| Modifying agency | DLC |
| 043 ## - GEOGRAPHIC AREA CODE | |
| Geographic area code | a-ii--- |
| 082 00 - DEWEY DECIMAL CLASSIFICATION NUMBER | |
| Classification number | 696 |
| Edition number | 21 |
| Item number | MAJ |
| 245 00 - TITLE STATEMENT | |
| Title | Energy-efficient buildings in India / |
| Statement of responsibility, etc | editor, Mili Majumdar ; foreword, R.K. Pachauri. |
| 260 ## - PUBLICATION, DISTRIBUTION, ETC. (IMPRINT) | |
| Place of publication, distribution, etc | New Delhi : |
| Name of publisher, distributor, etc | Tata Energy Research Institute and Ministry of Non-Coventional Energy Sources, |
| Date of publication, distribution, etc | c2001. |
| 300 ## - PHYSICAL DESCRIPTION | |
| Extent | x, 252 p. ; |
| Other physical details | col. ill. ; |
| Dimensions | 29 cm. |
| 504 ## - BIBLIOGRAPHY, ETC. NOTE | |
| Bibliography, etc | Includes bibliographical references (p. 17) and index. |
| 650 #0 - SUBJECT ADDED ENTRY--TOPICAL TERM | |
| Topical term or geographic name as entry element | Architecture and energy conservation |
| Geographic subdivision | India. |
| 700 1# - ADDED ENTRY--PERSONAL NAME | |
| Personal name | Majumdar, Mili. |
| 710 2# - ADDED ENTRY--CORPORATE NAME | |
| Corporate name or jurisdiction name as entry element | Tata Energy Research Institute. |
| 710 1# - ADDED ENTRY--CORPORATE NAME | |
| Corporate name or jurisdiction name as entry element | India. |
| Subordinate unit | Ministry of Non-Conventional Energy Sources. |
| 906 ## - LOCAL DATA ELEMENT F, LDF (RLIN) | |
| a | 7 |
| b | cbc |
| c | origode |
| d | 3 |
| e | ncip |
| f | 20 |
| g | y-gencatlg |
| 942 ## - ADDED ENTRY ELEMENTS (KOHA) | |
| Source of classification or shelving scheme | |
| 955 ## - COPY-LEVEL INFORMATION (RLIN) | |
| Classification number, CCAL (RLIN) | wd34 2001-08-06 to RCCD |
| -- | aa03 2002-04-29 |
| Withdrawn status | Lost status | Damaged status | Koha normalized classification for sorting | Not for loan | Permanent location | Current location | Date acquired | Cost, normal purchase price | Total Checkouts | Full call number | Barcode | Date last seen | Date last borrowed | Price effective from | Koha item type | Source of classification or shelving scheme |
|---|---|---|---|---|---|---|---|---|---|---|---|---|---|---|---|---|
| 696_000000000000000 | BMS College of Architecture, Design and Planning | BMS College of Architecture, Design and Planning | 2020-03-03 | 5227.50 | 2 | 696 | CL-UG56756 | 2026-01-13 | 2025-07-18 | 2020-03-03 | UG Books from CL | |||||
| 696_000000000000000_MAJ | BMS College of Architecture, Design and Planning | BMS College of Architecture, Design and Planning | 2020-03-11 | 696 MAJ | AR-BB81 | 2020-03-11 | 2020-03-11 | Book Bank | ||||||||
| 696_000000000000000_MAJ | BMS College of Architecture, Design and Planning | BMS College of Architecture, Design and Planning | 2020-03-11 | 696 MAJ | AR-BB82 | 2020-03-11 | 2020-03-11 | Book Bank | ||||||||
| 696_000000000000000_MAJ | BMS College of Architecture, Design and Planning | BMS College of Architecture, Design and Planning | 2020-03-11 | 2 | 696 MAJ | AR-BB83 | 2024-03-14 | 2024-01-04 | 2020-03-11 | Book Bank | ||||||
| 696_000000000000000_MAJ | BMS College of Architecture, Design and Planning | BMS College of Architecture, Design and Planning | 2020-03-11 | 696 MAJ | AR-BB84 | 2020-03-11 | 2020-03-11 | Book Bank | ||||||||
| 696_000000000000000_MAJ | BMS College of Architecture, Design and Planning | BMS College of Architecture, Design and Planning | 2020-03-11 | 696 MAJ | AR-BB85 | 2020-03-11 | 2020-03-11 | Book Bank | ||||||||
| 696_000000000000000_MAJ | BMS College of Architecture, Design and Planning | BMS College of Architecture, Design and Planning | 2021-01-08 | 4 | 696 MAJ | AR-UG2048 | 2025-07-25 | 2025-07-18 | 2021-01-08 | UG Books | ||||||
| 696_000000000000000_MAJ | BMS College of Architecture, Design and Planning | BMS College of Architecture, Design and Planning | 2021-01-08 | 2 | 696 MAJ | AR-UG2049 | 2023-02-06 | 2023-01-30 | 2021-01-08 | UG Books | ||||||
| 696_000000000000000_MAJ | BMS College of Architecture, Design and Planning | BMS College of Architecture, Design and Planning | 2021-01-08 | 5 | 696 MAJ | AR-UG2050 | 2025-07-29 | 2025-07-18 | 2021-01-08 | UG Books |